Central Library OPAC University of Rajshahi

Methods of radar cross-section analysis / (Record no. 73591)

MARC details
000 -LEADER
fixed length control field 01025nam a2200289 a 4500
001 - CONTROL NUMBER
control field 73591
003 - CONTROL NUMBER IDENTIFIER
rucl marc code BD-RjUL
005 - DATE AND TIME OF LATEST TRANSACTION
control field 20211209082420.0
008 - FIXED-LENGTH DATA ELEMENTS--GENERAL INFORMATION
fixed length control field 170604s1968 nyua b 001 0 eng
035 ## - SYSTEM CONTROL NUMBER
System control number (BD-RjUL)73809
040 ## - CATALOGING SOURCE
Original cataloging agency DLC
Transcribing agency DLC
Modifying agency UKM
-- EQO
-- BD-RjUL
Language of cataloging eng
041 ## - LANGUAGE CODE
Language code of text/sound track or separate title eng
082 00 - DEWEY DECIMAL CLASSIFICATION NUMBER
Classification number 621.3848
Edition number 23
Author mark and year MET 1968
100 1# - MAIN ENTRY--PERSONAL NAME
Personal name Crispin, J. W.
Fuller form of name (John W.)
9 (RLIN) 217765
245 10 - TITLE STATEMENT
Title Methods of radar cross-section analysis /
Statement of responsibility, etc. by members of the staff of the Conductron Corporation: J. J. Bowman... [et. al.] edited by J. W. Crispin, Jr., and K. M. Siegel.
260 ## - PUBLICATION, DISTRIBUTION, ETC. (IMPRINT)
Place of publication, distribution, etc. New York :
Name of publisher, distributor, etc. Academic Press,
Date of publication, distribution, etc. 1968.
300 ## - PHYSICAL DESCRIPTION
Pagination xiv, 426 p. :
Illustrations ill. ;
Size 24 cm.
490 1# - SERIES STATEMENT
Series statement Electrical science
504 ## - BIBLIOGRAPHY, ETC. NOTE
Bibliography, etc Includes bibliographies.
650 #0 - SUBJECT ADDED ENTRY--TOPICAL TERM
Topical term or geographic name as entry element Radar.
9 (RLIN) 217766
Topical term or geographic name as entry element Radar cross sections.
9 (RLIN) 217767
700 1# - ADDED ENTRY--PERSONAL NAME
Personal name Siegel, K. M.
Fuller form of name (Keeve Milton),
Dates associated with a name 1923-
Personal name Bowman, J. J.
710 2# - ADDED ENTRY--CORPORATE NAME
Corporate name or jurisdiction name as entry element Conductron Corporation.
9 (RLIN) 217770
830 #0 - SERIES ADDED ENTRY--UNIFORM TITLE
Uniform title Electrical science series.
942 ## - ADDED ENTRY ELEMENTS (KOHA)
Source of classification or shelving scheme Dewey Decimal Classification
Koha item type Books
Holdings
Lost status Source of classification or shelving scheme Damaged status Not for loan Collection code Permanent Location Current Location Shelving location Date acquired Source of acquisition Cost, normal purchase price Total Checkouts Full call number Date last seen Copy number Koha item type
  Dewey Decimal Classification   Not For Loan Non-fiction Central Library, University of Rajshahi Central Library, University of Rajshahi Reading Room 03/08/1971 Zeetlinger 200.00   621.3848 MET 1968 04/06/2017 C-1 Books